Impressions d'Afrique

Guardat en:
Dades bibliogràfiques
Autor principal: Roussel, Raymond (Autor)
Format: Llibre
Idioma:francès
Publicat: París Jean-Jacques Pauvert 1963
Edició:1a. ed
Matèries:
Etiquetes: Afegir etiqueta
Sense etiquetes, Sigues el primer a etiquetar aquest registre!

MARC

LEADER 00000cam a2200000 a 4500
001 UCD7643
003 CL-VaPUC
008 170331e19630000fr |||||||||||||||||fre|d
082 0 4 |a 843  |b ROU  |2 21 
100 0 |a Roussel, Raymond  |e author  |9 333790 
245 1 0 |a Impressions d'Afrique 
250 |a 1a. ed 
300 |a 316 p 
942 |c BK 
945 |d 20170331 00:58:00  |a arojas 
260 |a París  |b Jean-Jacques Pauvert  |c 1963 
650 7 |a RELATOS FRANCESES  |2 CL-VaPUC  |9 333118 
650 0 |a Literatura francesa  |9 266330 
651 0 |a África  |9 256790 
583 |a last modification  |c 20170331 00:58:00  |k Rodrigo Vera 
999 |c 367617  |d 367615 
952 |0 0  |1 0  |3 erb  |4 0  |6 843_000000000000000_ROU_1963  |7 0  |8 A  |9 482604  |a BIBART  |b BIBART  |i 5384141  |o 843 ROU 1963  |p 5384141  |r 2025-03-13  |w 2019-11-24  |y BK  |z Catalogado en:20170331  |k ART